Normal view
MARC view
- JPEG-IMAGE CODING STANDARD.IMAGE COMPRESSION
Entry Topical Term
001 - CONTROL NUMBER
- control field: 60256
003 - CONTROL NUMBER IDENTIFIER
- control field: NUST
005 - DATE AND TIME OF LATEST TRANSACTION
- control field: 20210628202519.0
008 - FIXED-LENGTH DATA ELEMENTS
- fixed length control field: 210628|| aca||aabn | a|a d
040 ## - CATALOGING SOURCE
- Original cataloging agency: NUST
- Transcribing agency: NUST
150 ## - HEADING--TOPICAL TERM
- Topical term or geographic name entry element: JPEG-IMAGE CODING STANDARD.IMAGE COMPRESSION
670 ## - SOURCE DATA FOUND
- Source citation: Work cat.: (NUST): Taubman , David. S ,Marcellin , Michael . W 60255, Jpeg 2000 ,image compression fundamentals, standards and practice, 2002
